00954nam a2200241 a 4500001001000000003000500010005001700015008004100032010001100073011001100084040000900095100003700104245014100141260004100282500006000323502011500383650004000498650003400538650002300572650003100595856001600626856007000642000109633CHAP20220329144057.0140515s2014 mx sm |||||||spa d a106095 a107067 cCHAP1 aCarmona Rodríguez, Luis Manuel10aAnálisis comparativo del desarrollo humano en el Estado de Oaxaca del 2000 al 2010h[En línea]cpor Luis Manuel Carmona Rodríguez. aChapingo, Méx. :bEl autor,c2014. aPara ver el contenido del material haga clic en la liga aTesis (LIC. en Economía Agrícola) -- UACH. Departamento División de Ciencias Económico Administrativas14aDesarrollo de la comunidadxOaxaca.14aDesarrollo economicozOaxaca.14aDesarrollo humano.14aDesarrollo socialzOaxaca. a1 n0001296 aFinding aiduhttp://10.13.5.2/tesis/sist109633.pdfzTeclea aquí